100 prénoms féminins les plus populaires au Québec - 1990 - Statistiques

Statistiques générales
  • Ce quiz a été pris 31 fois
  • Le résultat moyen est 36 sur 100
Statistiques - réponses
Réponse % Correct
Marie
92%
Anne
83%
Alexandra
75%
Audrey
75%
Caroline
75%
Emilie
75%
Julie
75%
Justine
75%
Sophie
75%
Valérie
75%
Amélie
67%
Elisabeth
67%
Isabelle
67%
Camille
58%
Catherine
58%
Chloé
58%
Elise
58%
Emmanuelle
58%
Jessica
58%
Karine
58%
Katherine
58%
Mélissa
58%
Sara
58%
Sarah
58%
Stéphanie
58%
Véronique
58%
Annie
50%
Christine
50%
Elizabeth
50%
Gabrielle
50%
Laurie
50%
Mélanie
50%
Michelle
50%
Myriam
50%
Noémie
50%
Pascale
50%
Vanessa
50%
Laura
42%
Laurence
42%
Martine
42%
Nathalie
42%
Sabrina
42%
Anne-Marie
33%
Ariane
33%
Cindy
33%
Dominique
33%
Geneviève
33%
Jade
33%
Jennifer
33%
Kim
33%
Marianne
33%
Maude
33%
Patricia
33%
Samantha
33%
Sonia
33%
Cassandra
25%
Claudia
25%
Fanny
25%
Frédérique
25%
Marilyn
25%
Nadia
25%
Rachel
25%
Sandra
25%
Vicky
25%
Virginie
25%
Andréa
17%
Christina
17%
Joanie
17%
Joannie
17%
Joëlle
17%
Josianne
17%
Marie-Claude
17%
Marie-Eve
17%
Marie-Hélène
17%
Marie-Pier
17%
Marilou
17%
Marilyne
17%
Maryse
17%
Mylène
17%
Pamela
17%
Roxane
17%
Roxanne
17%
Tania
17%
Amanda
8%
Bianca
8%
Carol-Ann
8%
Cynthia
8%
Erika
8%
Jessika
8%
Josiane
8%
Lydia
8%
Marie-Christine
8%
Marie-Michèle
8%
Marie-Soleil
8%
Nancy
8%
Tanya
8%
Andréanne
0%
Andrée-Anne
0%
Carolane
0%
Rebecca
0%
Aucun quiz correspondant
Distribution des résultats
% des personnes avec chaque résultat
Percentile par nombre de réponses
Votre historique - résultats
Vous n’avez pas pris ce quiz